Řízení lidských zdrojů [moderní pojetí a postupy]
Salvato in:
| Autore principale: | |
|---|---|
| Altri autori: | , |
| Natura: | Libro |
| Lingua: | ceco |
| Pubblicazione: |
Praha
GRADA Publishing
2015
|
| Edizione: | 13. vydání |
| Serie: | Expert
|
| Soggetti: | |
| Tags: |
Nessun Tag, puoi essere il primo ad aggiungerne!!
|
MARC
| LEADER | 00000nam a2200000 4500 | ||
|---|---|---|---|
| 001 | 0274814 | ||
| 005 | 20240313090359.0 | ||
| 020 | |a 978-80-247-5258-7 | ||
| 020 | |a 978-80-247-9882-0 | ||
| 020 | |a 978-80-247-9883-7 | ||
| 041 | 0 | |a cze | |
| 044 | |a CZ | ||
| 245 | 1 | 0 | |a Řízení lidských zdrojů |b [moderní pojetí a postupy] |c Michael Armstrong, Stephen Taylor ; překlad: Martin Šikýř |
| 250 | |a 13. vydání | ||
| 264 | 1 | |a Praha |b GRADA Publishing |c 2015 | |
| 300 | |a 920 s. | ||
| 490 | 1 | |a Expert | |
| 830 | 0 | |a Expert | |
| 610 | 2 | 0 | |a riadenie ľudských zdrojov |
| 610 | 2 | 0 | |a riadenie strategické |
| 610 | 2 | 0 | |a personalistika |
| 610 | 2 | 0 | |a výkony podnikové |
| 610 | 2 | 0 | |a kapitál ľudský |
| 100 | 1 | |a Armstrong, Michael | |
| 700 | 1 | |a Taylor, Stephen | |
| 700 | 1 | |a Šikýř, Martin | |